| 000 | 00980nam0a22002651 4500 | ||
|---|---|---|---|
| 001 | rc\1039633 | ||
| 005 | 20041129103313.6 | ||
| 035 | _a(NLR Aleph) 006202241 | ||
| 090 |
_a6279751 _c6279751 |
||
| 100 | _a20041129d1981 u |0rusy50 ca | ||
| 101 | 0 | _arus | |
| 102 | _aRU | ||
| 105 | _aa ||||||||| | ||
| 200 | 1 | _aЭффективность экономического перевода котлов типа ДКВ(p) - 10/13 с парового на водогрейный режим | |
| 210 |
_aКиев _cО-во "Знание" УССР _d1981 |
||
| 215 |
_a19 с. _cил. _d20 |
||
| 300 | _aВ надзаг.: О-во "Знание" УССР | ||
| 320 | _aБиблиогр.: с. 18-19 (17 назв.) | ||
| 700 | 1 |
_aГлущенко _bЛ. Ф. _gЛеонид Федорович |
|
| 701 | 1 |
_aЛисовиченко _bВ. И. _gВладимир Иванович |
|
| 801 | 0 |
_aRU _bNLR _gpsbo |
|
| 801 | 1 |
_aRU _bELAR _2rusmarc |
|
| 852 |
_aNLR _j82-4/11994 |
||
| 942 | _cBOOK | ||
| 980 | _aNB | ||